00648nam a2200181 a 4500001001000000003000900010005001700019008004100036040002500077049000900102100003800111245010300149260003600252300004200288942001400330952010500344999001700449000025908DO-SdBNP20250411091353.0110224s1987 dr 000 0 spa d aDO-SdBNPbspacBNPHU aBNPD1 aCollado, Miguel A.,d1954-92469610aApuntes sobre la historia de las fiestas patronales del municipio de Jánico /cMiguel Collado A. aSanto Domingo :b[s.n.],c1987. a1v. con varias paginaciones ;c22 cm. 2ddccLBS1 0010718PDaPDbPDcHDd2011-07-12iLF1l0o p25908-10r2020-06-25w2020-06-25yLFPDZNo se presta c25400d25400